|
|
|
|
| LEADER |
00000nam2a2200000 4500 |
| 001 |
82529 |
| 005 |
20231101213233.0 |
| 010 |
|
|
|a 5211060881
|
| 010 |
|
|
|a 5-02-010335-7
|
| 035 |
|
|
|a (RuTPU)RU\TPU\book\88677
|
| 090 |
|
|
|a 82529
|
| 100 |
|
|
|a 20051004d2005 m y0rusy50 ca
|
| 101 |
0 |
|
|a rus
|
| 102 |
|
|
|a RU
|
| 105 |
|
|
|a y j 001zy
|
| 200 |
0 |
|
|a Т. 2: Раннее новое время
|
| 210 |
|
|
|d 2005
|
| 215 |
|
|
|a 429 с.
|
| 320 |
|
|
|a Хронологическая таблица: с. 406-409.
|
| 320 |
|
|
|a Библиогр.: с. 410-427.
|
| 330 |
|
|
|a Во втором томе учебника излагается история стран Европы в позднее Средневековье (раннее новое время) - XVI - середина XVII в. Показаны коренные изменения в экономическом, социальном и культурном развитии стран Европы, возникновение раннекапиталистических отношений, великие географические открытия, коренные перемены в государственной структуре Германии, Англии, Франции. Большое внимание уделено общеевропейским процессам, таким, как Реформация, Контрреформация, Возрождение. Освещаются история первой общеевропейской войны - Тридцатилетней - и ее последствия для развития региона. Для студентов исторических факультетов.
|
| 461 |
|
1 |
|0 (RuTPU)RU\TPU\book\89468
|y 5-211-06089-X
|y 5-02-010333-0
|t История Средних веков
|o учебник для вузов
|o в 2 т.
|f Московский государственный университет им. М. В. Ломоносова; под ред. С. П. Карпова
|v Т. 2: Раннее новое время
|e 5-е изд. испр. и доп.
|d 2005
|s Классический университетский учебник
|
| 606 |
1 |
|
|a Средние века
|x История
|2 stltpush
|3 (RuTPU)RU\TPU\subj\59051
|9 76699
|
| 610 |
1 |
|
|a история
|
| 610 |
1 |
|
|a источники
|
| 610 |
1 |
|
|a Западная Европа
|
| 610 |
1 |
|
|a экономическое развитие
|
| 610 |
1 |
|
|a географические открытия
|
| 610 |
1 |
|
|a Германия
|
| 610 |
1 |
|
|a Швейцария
|
| 610 |
1 |
|
|a католическая церковь
|
| 610 |
1 |
|
|a Испания
|
| 610 |
1 |
|
|a Нидерланды
|
| 610 |
1 |
|
|a Италия
|
| 610 |
1 |
|
|a Англия
|
| 610 |
1 |
|
|a Франция
|
| 610 |
1 |
|
|a Северная Европа
|
| 610 |
1 |
|
|a Австрия
|
| 610 |
1 |
|
|a Венгрия
|
| 610 |
1 |
|
|a Трансильвания
|
| 610 |
1 |
|
|a Молдавия
|
| 610 |
1 |
|
|a Валахия
|
| 610 |
1 |
|
|a международные отношения
|
| 610 |
1 |
|
|a 15 век
|
| 610 |
1 |
|
|a 16 век
|
| 610 |
1 |
|
|a 17 век
|
| 610 |
1 |
|
|a учебники
|
| 686 |
|
|
|a Т3(0)4я73
|v LBC/SL-A
|2 rubbk
|
| 801 |
|
1 |
|a RU
|b 63413507
|c 20051004
|g PSBO
|
| 801 |
|
2 |
|a RU
|b 63413507
|c 20230407
|g PSBO
|
| 900 |
|
|
|a История народов России
|
| 900 |
|
|
|a История мировой цивилизации
|
| 942 |
|
|
|c BK
|
| 952 |
|
|
|a 520800
|b 020700
|